000 00347nam a2200145Ia 4500
008 221030s9999 xx 000 0 und d
041 _aEnglish
082 _a105.23
_bMit
100 _aG. K. Mithal
245 0 _aNetworks Analysis
_cby G. K. Mithal
260 _bKhanna book Pub.
_aNew Delhi
_c2001
300 _a1076
650 _aEE
942 _cBK
999 _c7889
_d7889